000 00782nam a2200253 a 4500
005 20240703063736.0
008 991125m19972011es 000 0 spa u
020 _a8471124173
035 _aUPN01000005084
049 _aCG
050 4 _aLB2838
_bC6.2
100 1 _aContreras Domingo, José
245 1 3 _aLa autonomía del profesorado /
_cJosé Contreras Domingo.
250 _a3a ed.
260 _aMadrid :
_bMorata,
_cc1997 (2011 impr.).
300 _a231 p.
440 0 _aPedagogía.
_pManuales
590 _a(También localizas un ejemplar en el "Area de Reserva")
590 _aBibliografía Básica (BGTQ)
650 4 _aAutonomía en la educación
_93083
650 4 _aCalidad de la educación
_94684
650 4 _aMaestros
_xÉtica profesional
_9760
905 _aLibro
999 _c5084
_d5084